[Event "Ceske Budejovice op"]
[Site "Ceske Budejovice"]
[Date "2021.07.07"]
[Round "7"]
[White "Fojt, Petr"]
[Black "Kuntner, Reinhard1"]
[Result "0-1"]
[WhiteElo "1983"]
[BlackElo "2101"]
[PlyCount "114"]
[EventDate "2021.07.01"]
[EventType "swiss"]
[EventRounds "9"]
[EventCountry "CZE"]
[SourceTitle "CBM 203 Extra"]
[Source "ChessBase"]
[SourceDate "2021.09.30"]
[SourceVersion "1"]
[SourceVersionDate "2021.09.30"]
[SourceQuality "1"]

1. e4 Nf6 2. e5 Nd5 3. d4 d6 4. Nf3 Bg4 5. Be2 e6 6. 0-0 Be7 7. c4 Nb6 8. Be3 0-0 9. Nc3 Nc6 10. exd6 cxd6 11. b3 Rc8 12. Qd2 d5 13. c5 Nd7 14. b4 Bf5 15. a3 Nf6 16. Rfd1 Ne4 17. Qe1 Nxc3 18. Qxc3 h6 19. Rac1 g5 20. b5 Na5 21. Qb2 b6 22. c6 Bd6 23. Bd2 Qe7 24. Bb4 f6 25. Qc3 Nb7 26. Qb3 Bxb4 27. Qxb4 Qxb4 28. axb4 Nd6 29. Ra1 Rc7 30. Ra3 Re8 31. h4 Be4 32. hxg5 hxg5 33. Nd2 Bc2 34. Rc1 Bg6 35. Rca1 Ree7 36. Nf3 Kg7 37. g4 Be4 38. Nd2 e5 39. Nxe4 Nxe4 40. dxe5 fxe5 41. Kg2 Rf7 42. f3 Nd6 43. Rd1 d4 44. Bd3 Kf6 45. Ra2 Rce7 46. Re2 Rg7 47. Rh1 Ke6 48. Rh8 Re8 49. Rxe8+ Nxe8 50. Rc2 Kd6 51. Kg3 Nc7 52. Rh2 Nd5 53. Rh6+ Kc7 54. Re6 Nf4 55. Rxe5 Nxd3 56. Re8 Nxb4 57. Ra8 Nxc6 0-1

[Event "CZE-chT2C 1920"]
[Site "Czech Republic"]
[Date "2020.01.26"]
[Round "7.2"]
[White "Hora, Milan"]
[Black "Fojt, Petr"]
[Result "1-0"]
[WhiteElo "2157"]
[BlackElo "2055"]
[PlyCount "145"]
[EventDate "2019.10.13"]
[EventType "team-tourn"]
[EventRounds "11"]
[EventCountry "CZE"]
[SourceTitle "EXT 2024"]
[Source "ChessBase"]
[SourceDate "2023.10.10"]
[SourceVersion "1"]
[SourceVersionDate "2023.10.10"]
[SourceQuality "1"]
[WhiteTeam "Kolin"]
[BlackTeam "Jicin"]
[WhiteTeamCountry "CZE"]
[BlackTeamCountry "CZE"]

1. d4 Nf6 2. Nf3 g6 3. c4 Bg7 4. Nc3 d5 5. cxd5 Nxd5 6. e4 Nxc3 7. bxc3 c5 8. Rb1 Nc6 9. d5 Ne5 10. Nxe5 Bxe5 11. Qd2 e6 12. Bb5+ Bd7 13. dxe6 fxe6 14. f4 Bc7 15. Bxd7+ Qxd7 16. Qxd7+ Kxd7 17. Rxb7 Kc6 18. Rb1 Rhf8 19. Rf1 g5 20. g3 gxf4 21. Bxf4 Bxf4 22. gxf4 Rg8 23. Kf2 Rg4 24. Ke3 Rag8 25. Rb2 Rh4 26. e5 Kd5 27. c4+ Kxc4 28. Rc1+ Kd5 29. Rd1+ Kc4 30. Rc1+ Kd5 31. Rd2+ Kc6 32. a4 Rgg4 33. Rd6+ Kb7 34. Rc4 Rg6 35. Rxc5 Rxh2 36. Rb5+ Kc7 37. Rc5+ Kb7 38. Rb5+ Kc7 39. Rc5+ Kb7 40. Kf3 Rhg2 41. Rb5+ Kc7 42. Ke4 Re2+ 43. Kd3 Rf2 44. Rc5+ Kb7 45. Ke3 Rb2 46. Rc4 h5 47. a5 Rg3+ 48. Kd4 Rd2+ 49. Kc5 Rxd6 50. Kxd6 Rg6 51. Rc7+ Ka6 52. Rh7 Rg4 53. Kxe6 Rxf4 54. Rxh5 Kxa5 55. Kd6 Rd4+ 56. Kc5 Re4 57. Kd5 Re1 58. e6 Kb4 59. Re5 Rd1+ 60. Kc6 Rd8 61. e7 Re8 62. Kd7 Rxe7+ 63. Rxe7 a5 64. Kc6 a4 65. Re4+ Kb3 66. Kb5 a3 67. Re3+ Kb2 68. Kb4 a2 69. Re2+ Kb1 70. Kb3 a1N+ 71. Kc3 Nb3 72. Kxb3 Ka1 73. Re1# 1-0

[Event "EU-ch U16"]
[Site "Bratislava"]
[Date "2019.08.08"]
[Round "7"]
[White "Fojt, Petr"]
[Black "Briem, Stephan"]
[Result "1-0"]
[WhiteElo "2034"]
[BlackElo "2223"]
[PlyCount "75"]
[EventDate "2019.08.02"]
[EventType "swiss"]
[EventRounds "9"]
[EventCountry "SVK"]
[SourceTitle "CBM 191 Extra"]
[Source "ChessBase"]
[SourceDate "2019.09.30"]
[SourceVersion "1"]
[SourceVersionDate "2019.09.30"]
[SourceQuality "1"]

1. e4 d5 2. exd5 Qxd5 3. Nc3 Qd6 4. d4 Nf6 5. Nf3 c6 6. h3 Bf5 7. g4 Bg6 8. Ne5 Nbd7 9. f4 e6 10. Bg2 Nd5 11. 0-0 Nxc3 12. bxc3 Nxe5 13. fxe5 Qd7 14. Rb1 Be7 15. Bf4 0-0 16. Qe2 Rac8 17. Bg3 b6 18. h4 h6 19. Rbd1 b5 20. Kh2 Qd8 21. Kh3 Qa5 22. Qe3 b4 23. Bf4 Qa3 24. Rf3 h5 25. gxh5 Bf5+ 26. Kh2 Qxc3 27. Qf2 Qxc2 28. Rd2 Qb1 29. Qg3 Kh7 30. Rf1 Qxf1 31. Bxf1 c5 32. Bd3 Bxd3 33. Qxd3+ Kh8 34. Rg2 c4 35. Qg3 Rg8 36. Bg5 Bf8 37. Bf6 Kh7 38. Qg4 1-0

[Event "EU-ch U16"]
[Site "Bratislava"]
[Date "2019.08.05"]
[Round "4"]
[White "Fojt, Petr"]
[Black "Ivanovic, Marko"]
[Result "0-1"]
[WhiteElo "2034"]
[BlackElo "2222"]
[PlyCount "112"]
[EventDate "2019.08.02"]
[EventType "swiss"]
[EventRounds "9"]
[EventCountry "SVK"]
[SourceTitle "CBM 191 Extra"]
[Source "ChessBase"]
[SourceDate "2019.09.30"]
[SourceVersion "1"]
[SourceVersionDate "2019.09.30"]
[SourceQuality "1"]

1. d4 Nf6 2. c4 g6 3. Nc3 Bg7 4. e4 d6 5. h3 0-0 6. Be3 e5 7. d5 Na6 8. Bd3 Nh5 9. g3 Qe8 10. Qe2 f5 11. g4 fxe4 12. Bxe4 Nf4 13. Qd2 Nc5 14. Bxc5 dxc5 15. Nge2 Bh6 16. Nxf4 Bxf4 17. Qc2 Qe7 18. f3 Qh4+ 19. Ke2 Bd7 20. Nd1 b5 21. Ne3 Rab8 22. Ng2 Qg3 23. Rag1 bxc4 24. h4 c3 25. Ne1 Rxb2 26. Rxg3 Bxg3 27. Kd3 Rxc2 28. Nxc2 Rb8 29. Kxc3 Bf2 30. h5 Kg7 31. Rh2 Bd4+ 32. Nxd4 cxd4+ 33. Kc4 a5 34. h6+ Kf6 35. Rc2 Ba4 36. Rd2 Kg5 37. Rh2 Kf4 38. Rd2 Bd7 39. Rg2 Rb6 40. Kc5 Ke3 41. Rg1 Be8 42. Rd1 Ke2 43. Rd3 Rb1 44. Rd2+ Kxd2 45. Bxb1 Kc3 46. d6 cxd6+ 47. Kxd6 d3 48. Bxd3 Kxd3 49. g5 Kd4 50. Ke7 Bc6 51. Kf7 Bxf3 52. Kg7 e4 53. Kxh7 e3 54. Kg7 e2 55. h7 e1Q 56. h8Q Qe5+ 0-1

[Event "CZE-chT U18 Extraliga final-A 1819"]
[Site "Czech Republic"]
[Date "2019.04.14"]
[Round "11.4"]
[White "Fojt, Petr"]
[Black "Frank, Adam"]
[Result "1-0"]
[WhiteElo "1821"]
[BlackElo "2029"]
[PlyCount "141"]
[EventDate "2018.10.05"]
[EventType "team-tourn"]
[EventRounds "11"]
[EventCountry "CZE"]
[SourceTitle "EXT 2023"]
[Source "ChessBase"]
[SourceDate "2022.10.05"]
[SourceVersion "1"]
[SourceVersionDate "2022.10.05"]
[SourceQuality "1"]
[WhiteTeam "Jicin (U18)"]
[BlackTeam "Frydek Mistek BSS (U18)"]
[WhiteTeamCountry "CZE"]
[BlackTeamCountry "CZE"]

1. e4 d6 2. d4 Nf6 3. Nc3 g6 4. f4 Bg7 5. Nf3 0-0 6. Be3 b6 7. Bd3 Bb7 8. Qe2 c5 9. dxc5 bxc5 10. 0-0-0 Nc6 11. e5 Ne8 12. Be4 Qa5 13. Nd2 Nd4 14. Bxd4 cxd4 15. Nb3 Qb6 16. Bxb7 Qxb7 17. Nxd4 dxe5 18. fxe5 Nc7 19. Rhe1 Rfd8 20. Qf3 Nd5 21. e6 f5 22. Ndb5 Nxc3 23. Nxc3 Qb4 24. a3 Qb6 25. Rd7 Rab8 26. b4 Bxc3 27. Qxc3 Rbc8 28. Qd3 a5 29. b5 Re8 30. Kb2 Qc5 31. Rd5 Qb6 32. Re2 Red8 33. Rd7 Re8 34. h4 Rb8 35. c4 Qg1 36. h5 Rbc8 37. hxg6 hxg6 38. Rd4 Qf1 39. g4 Kg7 40. gxf5 Qxf5 41. Qc3 Qf6 42. Rg4 Qxc3+ 43. Kxc3 Rh8 44. Rf2 Rh3+ 45. Kb2 Rd8 46. Rfg2 Rdd3 47. Rxg6+ Kh7 48. Rg7+ Kh6 49. Rg8 Rb3+ 50. Ka1 Kh7 51. R2g7+ Kh6 52. Rxe7 Rxa3+ 53. Kb2 Rhb3+ 54. Kc2 Rc3+ 55. Kd2 Rcb3 56. Rd7 Ra2+ 57. Kc1 Rc3+ 58. Kd1 Rf3 59. Rd2 Ra1+ 60. Ke2 Raa3 61. Rgd8 Rae3+ 62. Kd1 Rxe6 63. R8d6 Rxd6 64. Rxd6+ Kg5 65. b6 Kf5 66. Kc2 Ke5 67. c5 a4 68. b7 Rf8 69. Rd7 Ke6 70. c6 Rb8 71. Kb2 1-0

[Event "CZE-chT U18 Extraliga West 1819"]
[Site "Czech Republic"]
[Date "2019.01.19"]
[Round "6.4"]
[White "Fojt, Petr"]
[Black "Pavelka, Hubert Jan"]
[Result "1-0"]
[WhiteElo "1821"]
[BlackElo "1768"]
[PlyCount "43"]
[EventDate "2018.10.05"]
[EventType "team-tourn"]
[EventRounds "11"]
[EventCountry "CZE"]
[SourceTitle "EXT 2023"]
[Source "ChessBase"]
[SourceDate "2022.10.05"]
[SourceVersion "1"]
[SourceVersionDate "2022.10.05"]
[SourceQuality "1"]
[WhiteTeam "Jicin (U18)"]
[BlackTeam "Liberec Desko (U18)"]
[WhiteTeamCountry "CZE"]
[BlackTeamCountry "CZE"]

1. d4 Nf6 2. Nc3 e6 3. e4 b6 4. Bd3 Bb7 5. Nge2 d5 6. e5 Nfd7 7. f4 c5 8. b3 Be7 9. 0-0 Nc6 10. dxc5 Nxc5 11. Ng3 Nxd3 12. cxd3 Ba6 13. a3 Bc5+ 14. Kh1 Rc8 15. Ra2 Be7 16. b4 Nb8 17. Nce2 Qd7 18. f5 exf5 19. Nxf5 0-0 20. Ned4 g6 21. Nh6+ Kg7 22. Nxf7 1-0

[Event "CZE-chT2C 1819"]
[Site "Czech Republic"]
[Date "2018.12.16"]
[Round "5.8"]
[White "Strnad, Josef"]
[Black "Fojt, Petr"]
[Result "0-1"]
[WhiteElo "1900"]
[BlackElo "1821"]
[PlyCount "84"]
[EventDate "2018.10.14"]
[EventType "team-tourn"]
[EventRounds "11"]
[EventCountry "CZE"]
[SourceTitle "EXT 2022"]
[Source "ChessBase"]
[SourceDate "2021.10.06"]
[SourceVersion "1"]
[SourceVersionDate "2021.10.06"]
[SourceQuality "1"]
[WhiteTeam "Praha Mahrla"]
[BlackTeam "Jicin"]
[WhiteTeamCountry "CZE"]
[BlackTeamCountry "CZE"]

1. Nf3 Nf6 2. d4 g6 3. c4 Bg7 4. Nc3 d5 5. e3 0-0 6. Be2 c5 7. 0-0 cxd4 8. exd4 Nc6 9. h3 Be6 10. Ne5 Ne4 11. Nxc6 bxc6 12. Nxe4 dxe4 13. Be3 f5 14. f4 exf3 15. Rxf3 Rb8 16. Rb1 Bf7 17. b3 Qa5 18. Qc2 Rbd8 19. Rd1 e5 20. Bd2 Qb6 21. c5 Qc7 22. dxe5 Bxe5 23. Bg5 Rxd1+ 24. Bxd1 Bd5 25. Rd3 Re8 26. Bf3 Bh2+ 27. Kf1 Qe5 28. Re3 Qa1+ 29. Ke2 Rxe3+ 30. Bxe3 Bxf3+ 31. Kxf3 Qf1+ 32. Qf2 Qd1+ 33. Qe2 Qd5+ 34. Kf2 f4 35. Bd2 Qxc5+ 36. Kf3 Qd5+ 37. Kf2 Qd4+ 38. Kf3 Kf8 39. Be1 Bg1 40. Bh4 Be3 41. Qc4 Qd1+ 42. Qe2 Qd5+ 0-1

[Event "CZE-chT U18 Extraliga West 1819"]
[Site "Czech Republic"]
[Date "2018.10.06"]
[Round "1.4"]
[White "Fojt, Petr"]
[Black "Novotny, Martin"]
[Result "1/2-1/2"]
[WhiteElo "1821"]
[BlackElo "2016"]
[PlyCount "96"]
[EventDate "2018.10.05"]
[EventType "team-tourn"]
[EventRounds "11"]
[EventCountry "CZE"]
[SourceTitle "EXT 2023"]
[Source "ChessBase"]
[SourceDate "2022.10.05"]
[SourceVersion "1"]
[SourceVersionDate "2022.10.05"]
[SourceQuality "1"]
[WhiteTeam "Jicin (U18)"]
[BlackTeam "Ricany (U18)"]
[WhiteTeamCountry "CZE"]
[BlackTeamCountry "CZE"]

1. d4 Nf6 2. c4 g6 3. Nc3 Bg7 4. e4 d6 5. h3 0-0 6. Be3 e5 7. d5 c6 8. g4 cxd5 9. cxd5 Nbd7 10. Nge2 Nc5 11. Bg2 a5 12. 0-0 b6 13. a3 a4 14. Re1 Bd7 15. Rb1 Qc7 16. Nc1 Rfc8 17. Nd3 Qa7 18. f3 Nxd3 19. Qxd3 Qa5 20. Bf1 Ne8 21. Nb5 Bf6 22. Rec1 Bd8 23. f4 f6 24. f5 g5 25. Bd2 Qa6 26. Bb4 Be7 27. Kh1 Kg7 28. Nxd6 Bxd6 29. Qxa6 Rxa6 30. Bxa6 Rd8 31. Kg2 Bxb4 32. axb4 Nd6 33. Rc7 Kf8 34. Kf3 Ke8 35. Rbc1 Ra8 36. Bd3 a3 37. bxa3 Rxa3 38. R7c3 Ra4 39. Rb3 Ra2 40. h4 h6 41. hxg5 hxg5 42. Rh1 Bb5 43. Bxb5+ Nxb5 44. Rh8+ Kd7 45. Rh7+ Kd8 46. Rd3 Nd4+ 47. Kg3 Ne2+ 48. Kf2 Nf4+ 1/2-1/2

[Event "CZE-chT U18 Extraliga final-B 1718"]
[Site "Czech Republic"]
[Date "2018.04.21"]
[Round "9.4"]
[White "Fojt, Petr"]
[Black "Lukes, Martin1"]
[Result "1-0"]
[WhiteElo "1742"]
[BlackElo "1625"]
[PlyCount "75"]
[EventDate "2017.10.07"]
[EventType "team-tourn"]
[EventRounds "11"]
[EventCountry "CZE"]
[SourceTitle "EXT 2023"]
[Source "ChessBase"]
[SourceDate "2022.10.05"]
[SourceVersion "1"]
[SourceVersionDate "2022.10.05"]
[SourceQuality "1"]
[WhiteTeam "Jicin (U18)"]
[BlackTeam "Praha Promat Oaza (U18)"]
[WhiteTeamCountry "CZE"]
[BlackTeamCountry "CZE"]

1. e4 e5 2. Nf3 Nc6 3. d4 exd4 4. Nxd4 Bc5 5. Be3 Qf6 6. c3 Nge7 7. Bc4 Ne5 8. Be2 0-0 9. 0-0 d5 10. f4 N5g6 11. e5 Qb6 12. b4 Bxd4 13. Bxd4 Qc6 14. b5 Qe8 15. g3 a6 16. Na3 axb5 17. Nxb5 Qc6 18. Qb3 Bd7 19. Rac1 Ra5 20. a4 Rfa8 21. Ra1 b6 22. Rfc1 Qb7 23. Bf2 Bxb5 24. Bxb5 c6 25. Be2 b5 26. c4 dxc4 27. Bxc4 Rxa4 28. Rxa4 Rxa4 29. Bxf7+ Kf8 30. Rd1 Qa8 31. Bc5 Ra1 32. e6 Nh8 33. Bxe7+ Kxe7 34. Qb4+ Kf6 35. Qd4+ Ke7 36. Rxa1 Qc8 37. Ra7+ Kf8 38. Qd6# 1-0

[Event "CZE-chT U18 Extraliga Ost 1718"]
[Site "Czech Republic"]
[Date "2017.10.07"]
[Round "2.4"]
[White "Fojt, Petr"]
[Black "Horvath, Tomas"]
[Result "0-1"]
[WhiteElo "1742"]
[BlackElo "1764"]
[PlyCount "66"]
[EventDate "2017.10.07"]
[EventType "team-tourn"]
[EventRounds "11"]
[EventCountry "CZE"]
[SourceTitle "EXT 2023"]
[Source "ChessBase"]
[SourceDate "2022.10.05"]
[SourceVersion "1"]
[SourceVersionDate "2022.10.05"]
[SourceQuality "1"]
[WhiteTeam "Jicin (U18)"]
[BlackTeam "Orlova Slavia (U18)"]
[WhiteTeamCountry "CZE"]
[BlackTeamCountry "CZE"]

1. d4 d5 2. Nf3 Nf6 3. Bg5 Bf5 4. Nbd2 e6 5. e3 Be7 6. c3 0-0 7. Ne5 Nbd7 8. f4 c5 9. h3 Nxe5 10. dxe5 Ne4 11. Nxe4 Bxe4 12. h4 h6 13. Bxe7 Qxe7 14. Rh2 f6 15. exf6 Qxf6 16. Bd3 Qg6 17. Bxe4 Qg3+ 18. Ke2 Qxh2 19. Bf3 Qxh4 20. Qg1 Rad8 21. g3 Qf6 22. Rd1 b5 23. g4 d4 24. cxd4 cxd4 25. exd4 Qxf4 26. Qe3 Qh2+ 27. Kd3 Qxb2 28. g5 Qa3+ 29. Ke2 Qxe3+ 30. Kxe3 hxg5 31. Bg4 Rd6 32. Rc1 Rf4 33. d5 Rxg4 0-1

[Event "CZE-chT U18 Extraliga final-B 1617"]
[Site "Czech Republic"]
[Date "2017.04.23"]
[Round "11.6"]
[White "Hejsek, Lukas"]
[Black "Fojt, Petr"]
[Result "1/2-1/2"]
[WhiteElo "1668"]
[BlackElo "1612"]
[PlyCount "66"]
[EventDate "2016.10.01"]
[EventType "team-tourn"]
[EventRounds "11"]
[EventCountry "CZE"]
[SourceTitle "EXT 2022"]
[Source "ChessBase"]
[SourceDate "2021.10.06"]
[SourceVersion "1"]
[SourceVersionDate "2021.10.06"]
[SourceQuality "1"]
[WhiteTeam "Praha Bohemians U18"]
[BlackTeam "Jicin U18"]
[WhiteTeamCountry "CZE"]
[BlackTeamCountry "CZE"]

1. e4 c5 2. b4 cxb4 3. a3 d5 4. exd5 Qxd5 5. Nf3 Bg4 6. axb4 Bxf3 7. Qxf3 Qxf3 8. gxf3 e6 9. b5 Nf6 10. Bg2 Nbd7 11. 0-0 Bd6 12. d4 0-0 13. c4 b6 14. Nc3 Rac8 15. Ne4 Bb8 16. Ba3 Rfd8 17. Rac1 e5 18. d5 Nc5 19. Bxc5 bxc5 20. Nxf6+ gxf6 21. Bh3 Rc7 22. Kh1 Re7 23. Rg1+ Kh8 24. Bf5 Ree8 25. Rg4 Rg8 26. Rcg1 Rxg4 27. Rxg4 h6 28. Rh4 Kg7 29. Rg4+ Kh8 30. Rh4 Kg7 31. Rg4+ Kh8 32. Rh4 Kg7 33. Rg4+ Kh8 1/2-1/2